La philosophie de Charles Renouvier (Record no. 140501)

MARC details
000 -LEADER
campo de control de longitud fija 00454nam a2200145 4500
001 - NÚMERO DE CONTROL
campo de control 140501
003 - IDENTIFICADOR DE NÚMERO DE CONTROL
campo de control ES-MaACL
007 - CAMPO FIJO DE DESCRIPCIÓN FÍSICA--INFORMACIÓN GENERAL
campo de control de longitud fija t|
008 - DATOS DE LONGITUD FIJA--INFORMACIÓN GENERAL
campo de control de longitud fija 070214s1905 fr r ||||1| fre d
100 1# - ENTRADA PRINCIPAL--NOMBRE DE PERSONA
Nombre de persona Séailles, Gabriel.
9 (RLIN) 104982
245 13 - MENCIÓN DEL TÍTULO
Título La philosophie de Charles Renouvier
Resto del título : introduction a l'etude du neocriticisme /
Mención de responsabilidad, etc. Gabriel Séailles.
260 ## - PUBLICACIÓN, DISTRIBUCIÓN, ETC.
Lugar de publicación, distribución, etc. Paris :
Nombre del editor, distribuidor, etc. Evreux Ch. Herissey,
Fecha de publicación, distribución, etc. 1905.
300 ## - DESCRIPCIÓN FÍSICA
Extensión IV, 402 p. ;
Dimensiones 22 cm.
852 ## - LOCALIZACIÓN
Ubicación ES-MaACL
Número de control de estantería B-5953
Holdings
Estatus retirado Estado de pérdida Estado de daño No para préstamo Biblioteca de origen Biblioteca actual Ubicación en estantería Fecha de adquisición Fuente de adquisición Total de préstamos Signatura topográfica completa Código de barras Visto por última vez Precio de reemplazo Tipo de ítem Koha
        Biblioteca del Ateneo de Madrid Biblioteca del Ateneo de Madrid Sala Pardo Bazán 17/01/2008     B-5953 1146210 23/02/2023 23/02/2023 Libro impreso